| 000 | 00950nam a22002777a 4500 | ||
|---|---|---|---|
| 003 | PE SENCICO BE | ||
| 005 | 20251020182627.0 | ||
| 008 | 230224b |||||||| |||| 00| 0 eng d | ||
| 020 | _a978-3-0346-0577-9 | ||
| 040 |
_aPE SENCICO BE _cPE SENCICO BE |
||
| 041 | _aeng | ||
| 082 |
_a747 _bH36 |
||
| 100 | 1 |
_9706 _aHeiss, Oliver _eautor |
|
| 245 | 1 |
_aDetail practice, barrier - free design : _bprinciples, planing, examples / _cOliver Heiss, Christine Degenhart, Johann Ebe |
|
| 250 | _a[1a ed.] | ||
| 260 |
_aMunich : _bInstitut fur Internationale, _c2010 |
||
| 300 |
_a112 p. : _bil. col., diagrs. fotog., _c30 cm. |
||
| 650 | 1 | 4 |
_944 _aDiseƱo de interiores |
| 650 | 2 | 4 |
_9707 _aHistoria |
| 650 | 2 | 4 |
_9370 _aArquitectura de viviendas |
| 650 | 2 | 4 |
_9570 _aArquitectura urbana |
| 700 | 1 |
_9708 _aDegenhart, Christine _eautor |
|
| 700 | 1 |
_9709 _aEbe, Johann _eautor |
|
| 910 |
_bhfp _chfp |
||
| 942 |
_2ddc _cLIB _h747 _iH36 |
||
| 999 |
_c3858 _d3858 |
||